Isabelle Adjani en 25 films - Statistiques

Statistiques générales
  • Ce quiz a été pris 49 fois
    44 depuis la dernière actualisation
  • Le résultat moyen est 9 sur 25
Statistiques - réponses
Année Rôle Film % Correct
1994 Margot La reine Margot
93%
1988 Camille Claudel Camille Claudel
89%
1983 Eliane Wieck L'été meurtrier
79%
2008 Sonia Bergerac La journée de la jupe
61%
1975 Adèle Hugo L'histoire d'Adèle H
61%
1979 Emily Brontë Les sœurs Brontë
57%
1981 Anna/Helen Possession
54%
1985 Héléna Subway
54%
1981 Clara Clara et les chics types
39%
2010 L'amour perdu de Serge Mammuth
32%
2022 Martha Duval Mascarade
25%
1981 Marya Zelli Quartet
25%
2010 Mère Gothel (doublage) Raiponce
25%
2003 Viviane Denvers Bon voyage
21%
1983 Catherine Leiris ou "Marie" Mortelle randonnée
21%
2023 Marraine Voleuses
21%
1978 La joueuse Driver
18%
1974 Isabelle Douléan La giffle
18%
1976 Stella Le locataire
18%
1976 Laure Barocco
14%
1979 Lucy Harker Nosferatu Fantôme de la nuit
14%
2018 Danny Le monde est à toi
11%
1982 Pauline Valance Tout feu tout flamme
11%
2012 Madame Hansen Bergmann David et Madame Hansen
7%
2022 Sidonie Peter von Kant
7%
Aucun quiz correspondant
Distribution des résultats
% des personnes avec chaque résultat
Percentile par nombre de réponses
Votre historique - résultats
Vous n’avez pas pris ce quiz depuis la dernière actualisation